00305nam a2200121Ia 4500008004100000082001500041100001900056245004400075250000800119260003700127300001100164650000800175191201s2011 xx 000 0 und d a658.5bSLF aSLOCUM, John W 0aFundamentals of Organizational Behavior aRep aN. DelhibCENGAGE Learningc2011 a478+33 aMBA